[Event "4th Chessfestival Gredine 2018"]
[Site "Ortisei"]
[Date "2018.06.21"]
[Round "6.6"]
[White "Bertagnolli, Alexander"]
[Black "Sonis, Francesco"]
[Result "1/2-1/2"]
[WhiteElo "2398"]
[BlackElo "2448"]
[Annotator "TA"]
[PlyCount "132"]
[EventDate "2018.06.16"]
[EventType "swiss"]
[EventCountry "ITA"]
[SourceTitle "playchess.com"]
[Source "ChessBase"]
[SourceQuality "1"]

{[%evp 13,132,16,18,0,-4,-14,-16,-27,-6,-131,-135,-179,-178,-195,-187,-223,-213,-297,-293,-247,-47,-119,-15,-68,0,0,0,0,0,-105,189,197,120,39,52,34,77,74,95,99,87,97,127,127,156,147,215,204,231,105,109,105,105,105,105,106,110,99,93,91,91,91,91,91,91,83,83,72,72,50,50,50,50,50,92,68,68,68,112,112,112,112,112,112,112,94,96,68,75,75,75,75,75,75,75,82,97,104,104,104,112,0,0,0,0,0,0,0,0,0,0,0,0,0,0,0,0,0,0,0,0]} 1. Nf3 Nf6 2. b3 d5 3. Bb2 c6 4. e3 Bg4 5. h3 (5. c4 e6 6. Be2 Nbd7 7. O-O Bd6 8. h3 Bh5 9. d4 Ne4 10. Nbd2 Nxd2 11. Nxd2 Bxe2 12. Qxe2 O-O 13. e4 dxe4 14. Nxe4 Be7 15. Rad1 Nf6 16. Nd2 Qa5 17. a3 {0-1 (126) Vachier Lagrave,M (2789)-Aronian,L (2805) Riadh 2017}) 5... Bh5 6. d3 {A06: Zukertort-Eröffnung} Nbd7 7. Nbd2 e6 {LiveBook: 11 Partien} 8. Qe2 h6 9. e4 dxe4 $146 ({Vorgänger:} 9... Qa5 10. e5 Bxf3 11. Qxf3 {1-0 (30) Czebe,A (2475)-Cibickova,Z (2312) Dunajska Streda 2017}) 10. dxe4 Qa5 11. O-O-O (11. a3 $11) 11... Qxa2 $17 12. Nc4 O-O-O 13. Rd4 Bc5 14. g4 Bg6 $1 {Und ...b5 würde nun gewinnen.} 15. Bg2 Bxd4 16. Nxd4 Nb6 $2 (16... Nc5 $19 17. Nd2 Rxd4 $1 {[%mdl 512]} 18. Bxd4 Nfxe4 $1 {[%mdl 512]} 19. Bxe4 Bxe4) 17. Ne5 (17. f4 $15) 17... Rhe8 (17... Nfd7 $1 $17 {[%cal Rd7e5]} 18. Nxg6 fxg6 19. Nxe6 Na4 $1 {[%mdl 512]} 20. Bxg7 Rh7 21. Nxd8 Ndc5) 18. f4 $11 {[%cal Bf2f4,Bf4f5][%mdl 32]} Nfd7 ({Lieber} 18... Kc7 $15 19. Rd1 Nfd7) 19. Nexc6 bxc6 20. Nxc6 Nc5 21. Qb5 {[#]} (21. Nb4 $1 $11 {bleibt in der Remisbreite.} Qa5 22. Nc6) 21... Nb7 $2 {[%mdl 8192]} ({Aber nicht} 21... Nxe4 $2 22. Nb4 $18) (21... Nxb3+ $1 $17 {hält den Druck.} 22. cxb3 (22. Qxb3 Qxb3) 22... Rd5 $1 {[%mdl 512]} 23. Nxa7+ Kb7 24. exd5 Qb1+ 25. Kd2 Qxb2+ 26. Ke3 Rb8) 22. f5 $1 $18 {[%cal Rf5g6]} Bh7 23. Nxd8 $40 {[%mdl 128] Weiss greift an.} ({Günstiger ist} 23. e5 $16 Nd5 24. Bxd5 Rxd5 25. Nxa7+ $1 {[%mdl 512]} Qxa7 26. Qxe8+ Rd8 27. Qxf7 exf5 28. Kb1 (28. Qxg7 Rd7 $17) (28. gxf5 $2 Qe3+ 29. Kb1 Qe4 $17) 28... fxg4 29. e6) 23... Rxd8 $14 24. Bxg7 (24. Rf1 $5 {[%cal Rf5e6]} Kb8 25. fxe6 fxe6 26. Qe5+ Ka8 27. Qxg7 $11) 24... Qa3+ 25. Kb1 Qc5 26. Qxc5+ Nxc5 27. Bxh6 Re8 28. Rd1 Nbd7 29. Kb2 $1 Nf6 {[#]} (29... Rg8 $16 {ist wohl besser.}) 30. Rd4 $1 $18 {[%cal Rd4c4]} exf5 31. Rc4 ({Und nicht} 31. gxf5 Rg8 $11) (31. exf5 $18 {und der Rest ist Schweigen. Droht Tc4 und aus.} Re2 32. Bf1) 31... Nfxe4 $16 32. Bxe4 Rxe4 33. Rxc5+ {[%mdl 4096] Endspiel KTL-KTL} Kb7 34. gxf5 Rh4 35. Bg7 Rxh3 36. Re5 Kc6 37. Re7 Bxf5 38. Rxf7 Bd7 39. Bd4 a5 40. Rf6+ Kd5 41. c4+ Kxd4 $14 {KTL-KT} 42. Rd6+ Kc5 43. Rxd7 {Droht stark Ka3. KT-KT} Rh1 44. Rb7 {Tb5+ ist eine echte Drohung.} a4 45. Rb5+ Kc6 46. bxa4 Rh2+ 47. Kb3 Rh1 48. Rg5 Rb1+ 49. Kc3 Rc1+ 50. Kd3 Rd1+ {[#]} 51. Kc2 $1 {[%cal Rc2d1]} Ra1 52. a5 Ra2+ 53. Kc3 Ra1 54. Rh5 Ra2 55. Kb4 Rb2+ 56. Ka3 Rb1 57. Rh2 (57. Ka4 $16) 57... Kc5 $1 $11 {Die Stellung ist ausgeglichen.} 58. Rb2 Ra1+ 59. Ra2 Rb1 60. a6 {Droht Matt per a7.} Kb6 61. Rb2+ (61. Rf2 {is more complex.} Kxa6 62. Rf6+ Kb7 63. Ka4 Rb6 64. Rf8) 61... Rxb2 62. Kxb2 {Beabsichtigt Kc3 und Matt.} Kxa6 63. Kc3 {Weiss droht Kd4 und Matt.} Kb6 64. Kd4 {Und weiter mit Kd5 wäre nett.} Kc6 65. c5 Kc7 66. c6 Kxc6 {Precision: Weiß = 55%, Schwarz = 62%.} 1/2-1/2

[Event "4th Chessfestival Gredine 2018"]
[Site "Ortisei"]
[Date "2018.06.21"]
[Round "6.7"]
[White "Seyb, Dieter"]
[Black "Hecht, Hans-Joachim"]
[Result "1/2-1/2"]
[WhiteElo "2179"]
[BlackElo "2327"]
[Annotator "NA"]
[PlyCount "50"]
[EventDate "2018.06.16"]
[EventType "swiss"]
[EventCountry "ITA"]
[SourceTitle "playchess.com"]
[Source "ChessBase"]
[SourceQuality "1"]
[TimeControl "40/5400+30:1800+30"]

1. e4 {[%emt 0:00:30]} d6 {[%emt 0:01:00]} 2. d4 {[%emt 0:00:00]} g6 {[%emt 0:00:00]} 3. Nc3 {[%emt 0:00:00]} Bg7 {[%emt 0:00:00]} 4. Nf3 {[%emt 0:00:00]} Nf6 {[%emt 0:02:30]} 5. Be2 {[%emt 0:00:00]} O-O {[%emt 0:00:00]} 6. O-O {[%emt 0:00:30]} c6 {[%emt 0:00:00]} 7. h3 {[%emt 0:00:30]} Nbd7 {[%emt 0:03:30]} 8. e5 {[%emt 0:00:30]} Nd5 {[%emt 0:00:30]} 9. exd6 {[%emt 0:07:30]} exd6 {[%emt 0:00:30]} 10. Nxd5 {[%emt 0:00:30]} cxd5 {[%emt 0:00:00]} 11. c3 {[%emt 0:01:30]} h6 {[%emt 0:05:00]} 12. Qb3 {[%emt 0:06:30]} Nf6 {[%emt 0:01:30]} 13. Bf4 {[%emt 0:00:30]} Qc7 {[%emt 0:10:30]} 14. Bd3 {[%emt 0:07:30]} Be6 {[%emt 0:03:30]} 15. Rfe1 {[%emt 0:02:30]} g5 {[%emt 0:07:30]} 16. Bh2 {[%emt 0:02:30]} Ne4 {[%emt 0:17:30]} 17. Rad1 {[%emt 0:04:30]} Rfe8 {[%emt 0:10:30]} 18. Re2 {[%emt 0:18:30]} f5 {[%emt 0:06:30]} 19. Nd2 {[%emt 0:08:30]} f4 {[%emt 0:06:30]} 20. Nf1 {[%emt 0:01:30]} Bf7 {[%emt 0:00:30]} 21. Rde1 {[%emt 0:00:30]} a6 {[%emt 0:03:59]} 22. f3 {[%emt 0:06:30]} Nf6 {[%emt 0:00:11]} 23. g3 {[%emt 0:01:30]} Rxe2 {[%emt 0:03:45]} 24. Rxe2 {[%emt 0:00:30]} Nh5 {[%emt 0:00:34]} 25. g4 {[%emt 0:01:30]} Nf6 {[%emt 0:02:42]} 1/2-1/2

[Event "4th Chessfestival Gredine 2018"]
[Site "Ortisei"]
[Date "2018.06.21"]
[Round "6.8"]
[White "Kindermann, Stefan"]
[Black "Sarkar, Justin"]
[Result "1-0"]
[WhiteElo "2506"]
[BlackElo "2297"]
[Annotator "TA"]
[PlyCount "83"]
[EventDate "2018.06.16"]
[EventType "swiss"]
[EventCountry "ITA"]
[SourceTitle "playchess.com"]
[Source "ChessBase"]
[SourceQuality "1"]

{[%evp 9,83,21,33,24,18,0,0,0,0,-12,-6,-4,13,16,35,41,28,53,109,107,107,107,107,107,107,107,107,109,107,107,107,107,107,107,107,107,107,120,111,121,120,109,131,124,121,130,121,122,172,170,163,149,193,166,242,236,237,224,221,209,360,367,365,375,363,358,360,364,521,512,432,342,950,950,953,947]} 1. d4 Nf6 2. Bg5 e6 {[#]} 3. e4 $1 {[%mdl 512]} c5 (3... Nxe4 4. Bxd8) 4. d5 d6 (4... h6 5. Bxf6 Qxf6 6. Nc3 a6 7. Nf3 e5 8. a4 d6 9. Be2 g6 10. O-O Bg7 11. Nd2 O-O 12. Nc4 {½-½ (38) Kanep,M (2485)-Piorun,K (2657) Tallinn 2016}) 5. Bb5+ Nbd7 6. dxe6 {A45: Trompowsky Attack} fxe6 7. Nc3 a6 8. Bxd7+ {The position is equal.} Bxd7 9. e5 $146 ({Predecessor:} 9. Nf3 Qb6 10. Qd2 h6 11. Bh4 g5 12. Bg3 {0-1 (52) Garcia Palermo,C (2465)-Bielicki,C (2290) La Plata 1997}) 9... dxe5 10. Qe2 Bc6 11. Nf3 $1 {[%cal Rf3e5]} Bd6 12. Nxe5 Bxe5 13. Qxe5 Bxg2 (13... O-O $14) 14. Rg1 {[%cal Bh1g1,Bg1g3,Bg3f3][%mdl 32]} Bc6 15. Rd1 $1 {[%cal Rd1d8]} ({Reject} 15. Qxe6+ $6 Qe7 $11) 15... Qe7 16. Rd6 $1 {[%cal Rd6e6]} Kf7 17. Rxc6 bxc6 18. Ne4 {Hoping for Bxf6.} h5 19. Rg3 Rad8 {[#]} 20. Nxf6 $1 gxf6 21. Rf3 {[%cal Rf3f6]} Rd5 22. Rxf6+ Ke8 23. Qb8+ $40 {[%mdl 128] White attacks with force.} Rd8 24. Qb3 Rd5 25. Rh6 Rxh6 26. Bxe7 Kxe7 $16 {[%mdl 4096] Endgame KQ-KRR} 27. Qb7+ Kf6 28. Qxc6 Rg6 29. Qxa6 Rg1+ 30. Ke2 Rg2 31. Qc4 Rf5 (31... Rg4 {was called for.} 32. Qc3+ Ke7) 32. Qh4+ $18 Ke5 {[#] intending ...Rf4.} 33. Kf1 $1 {[%cal Rf1g2]} Rg4 34. Qe7 c4 $2 (34... Kd5 35. Qd7+ Ke5) 35. a4 {[%cal Ba2a4,Ba4a5,Ba5a6][%mdl 32]} Rgf4 36. Qc5+ Kf6 37. Qb6 Rd5 38. a5 Rd1+ (38... Rff5 $142 39. a6 Rd1+ 40. Ke2 Ra1 41. Qd4+ Kf7 42. Qxc4 Re5+ 43. Kf3 Rf5+ 44. Ke2 Re5+ 45. Kd3 Rd5+ 46. Kc3 Rda5) 39. Ke2 Rfd4 40. a6 Rd6 $2 (40... Rd5 41. Qc7 Ra1 42. Qxc4 Re5+ 43. Kd2 Rd5+ 44. Ke3 Rda5 45. Qf4+ Ke7 46. Qc7+ Kf6 47. Qf4+ Ke7) 41. Qb8 R6d2+ 42. Kf3 {Precision: White = 88%, Black = 47%.} 1-0

[Event "4th Chessfestival Gredine 2018"]
[Site "Ortisei"]
[Date "2018.06.21"]
[Round "6.9"]
[White "Tan, Justin"]
[Black "Molina, Fabrizio"]
[Result "0-1"]
[WhiteElo "2484"]
[BlackElo "2212"]
[Annotator "TA"]
[PlyCount "94"]
[EventDate "2018.06.16"]
[EventType "swiss"]
[EventCountry "ITA"]
[SourceTitle "playchess.com"]
[Source "ChessBase"]
[SourceQuality "1"]

{[%evp 26,93,28,33,59,-58,-72,-91,-57,-50,-47,-53,-52,-56,-43,-40,-43,-64,0,0,0,0,0,0,0,0,0,0,0,0,-8,-51,0,0,0,0,0,0,0,0,0,0,0,0,0,0,0,0,0,0,0,0,0,-265,-231,-249,-268,-439,-439,-437,-285,-434,-422,-427,-427,-29995,-29971,-29971,-29972,-29999]} 1. e4 d6 2. d4 Nf6 3. Nc3 e5 4. Nf3 Nbd7 5. Bc4 Be7 6. O-O O-O 7. h3 c6 8. a4 b6 9. Qe2 Qc7 10. Rd1 a6 {C41: Philidor Defence} 11. Ba2 Rb8 12. Be3 (12. d5 cxd5 13. Bxd5 Nc5 14. Bg5 Bd7 15. Ra3 b5 16. axb5 axb5 17. b4 {1-0 (40) Najer,E (2683)-Bologan,V (2600) Batumi 2018}) 12... b5 13. axb5 axb5 14. b4 {LiveBook: 7 Games} d5 {[#]} 15. Nxe5 $146 (15. dxe5 $14 Nxe4 16. Nxe4 dxe4 17. Nd4) ({Predecessor:} 15. Bd2 exd4 16. Nxd4 Re8 17. exd5 Bxb4 18. Qf1 Bxc3 19. Bxc3 Nxd5 {½-½ (37) Michalik,P (2540)-Neuman,P (2446) Pardubice 2016}) 15... Bxb4 $15 16. Qd3 Bxc3 17. Qxc3 Nxe5 18. Bf4 Nxe4 19. Qe3 Qe7 20. f3 Ra8 21. dxe5 Nc5 (21... Ra3 $1 $15 22. Bb3 Rxa1 23. Rxa1 Nc5) 22. Bg5 $11 Qa7 23. Bxd5 Qxa1 24. Rxa1 Rxa1+ 25. Kh2 $1 cxd5 26. Qxc5 {Threatens to win with Be7.} Be6 {Threatening ...h6.} 27. Qxb5 Rc8 28. Be3 Ra2 (28... Raa8 $1 $15) 29. c3 $1 h6 30. Bd4 Rca8 31. Qb7 R8a4 32. Qb8+ Kh7 33. Qb5 Ra8 34. Be3 Kg8 35. Qb7 R8a3 36. Qb8+ Kh7 37. Qb1+ Kg8 38. Bc5 Ra4 39. f4 $2 {[%mdl 8192] [#]} (39. Qb5 $11 {and White stays safe.}) 39... d4 $1 $19 {[%mdl 512]} 40. Bxd4 {[#]} (40. cxd4 Bd5) 40... Bd5 $1 41. Kg3 $2 (41. Qg1) 41... Rxg2+ 42. Kh4 Raa2 {White must now prevent ...Rae2.} 43. Be3 (43. e6 $142 Rae2 44. Qb8+ Kh7 45. Bxg7 Kxg7 46. exf7 Bxf7 47. Qb4) 43... Bf3 {And now ...Ra4 would win.} 44. Qb8+ Kh7 {...Ra4 is the strong threat.} 45. e6 (45. Qb5 $19 Rae2 46. Qd3+ g6 47. e6 Rxe3 48. Qxe3 g5+ 49. fxg5 hxg5+ 50. Qxg5 Rxg5 51. Kxg5 fxe6 52. c4) 45... g5+ {Black mates.} 46. fxg5 Ra4+ 47. Qf4 hxg5# {Precision: White = 47%, Black = 87%.} 0-1

[Event "4th Chessfestival Gredine 2018"]
[Site "Ortisei"]
[Date "2018.06.21"]
[Round "6.10"]
[White "Landi, Alberto"]
[Black "Jaracz, Pawel"]
[Result "1/2-1/2"]
[WhiteElo "2198"]
[BlackElo "2467"]
[Annotator "TA"]
[PlyCount "84"]
[EventDate "2018.06.16"]
[EventType "swiss"]
[EventCountry "ITA"]
[SourceTitle "playchess.com"]
[Source "ChessBase"]
[SourceQuality "1"]

{[%evp 19,84,-1,0,-10,0,-8,0,-5,0,0,0,-15,0,0,0,0,0,0,0,0,0,0,5,0,0,0,2,0,0,0,0,0,-7,-6,0,0,0,0,0,0,0,0,0,0,6,0,0,0,0,-38,-23,-16,-16,-26,0,0,0,0,0,0,14,0,0,0,0,0,0]} 1. e4 {[%cal Be2e4,Be4e5][%mdl 32]} c5 2. c3 Nf6 {[%cal Bg8f6,Bf6d5,Bd5b4][%mdl 32]} 3. e5 Nd5 4. d4 cxd4 5. Nf3 d6 6. cxd4 Nc6 7. Bc4 dxe5 8. dxe5 Ndb4 9. Qxd8+ {B22: Sicilian: 2 c3} Nxd8 10. Na3 Be6 {LiveBook: 5 Games} (10... Bg4 11. Bd2 Nbc6 12. Bc3 Bxf3 13. gxf3 a6 14. Nc2 e6 15. Bd3 Rc8 16. Be4 Be7 {½-½ (42) Mamedov,R (2655)-Giri,A (2790) Shamkir 2016}) 11. O-O g6 12. Bb5+ Nbc6 13. Nd4 Bd7 14. Nxc6 (14. Be3 {seems wilder.} a6 15. Bxc6 Nxc6 16. Nc4 Bg7 17. Nxc6 Bxc6 18. b3) 14... Nxc6 15. f4 $146 ({Predecessor:} 15. Be3 a6 16. Bxc6 Bxc6 {½-½ (27) Ghysens,D (2425)-Sanchez Huerga,A (2346) ICCF email 2015}) 15... Bg7 16. Be3 f6 17. exf6 Bxf6 18. Rf2 O-O 19. Rd1 Be6 20. b3 Rac8 21. Bc4 Bxc4 22. Nxc4 Rfd8 23. Rfd2 Rxd2 24. Rxd2 b5 25. Na3 a6 26. Nc2 Kf7 27. h3 h5 28. g3 Ke6 29. Kg2 Bc3 30. Re2 {[#] aiming for Bd4+.} Kf7 31. Bd2 Bf6 32. Be3 e6 33. Rd2 Ne7 34. Nd4 Nd5 35. Bf2 {[#]} h4 $1 {[%mdl 512]} 36. Nf3 (36. gxh4 Nxf4+) 36... hxg3 37. Kxg3 {The position is equal.} Nc3 {...Ne4+ is the strong threat.} 38. Kg4 Ne4 39. Re2 Nd6 40. Bd4 Nf5 41. Bxf6 Kxf6 42. Ng5 Nh6+ {Precision: White = 69%, Black = 75%.} 1/2-1/2

[Event "4th Chessfestival Gredine 2018"]
[Site "Ortisei"]
[Date "2018.06.21"]
[Round "6.11"]
[White "Solomon, Kenny"]
[Black "Lorscheid, Gerhard"]
[Result "1/2-1/2"]
[WhiteElo "2419"]
[BlackElo "2200"]
[Annotator "TA"]
[PlyCount "67"]
[EventDate "2018.06.16"]
[EventType "swiss"]
[EventCountry "ITA"]
[SourceTitle "playchess.com"]
[Source "ChessBase"]
[SourceQuality "1"]

{[%evp 10,67,52,0,15,4,-3,0,1,-69,-55,-164,-166,-162,-173,-187,-181,-185,-167,-175,-165,-176,-164,-215,-210,-215,-212,-213,-208,-212,-205,-245,-235,-254,-252,-262,-216,-304,-302,-282,-282,-333,-327,-351,-320,-333,-308,-312,-310,-593,-593,-570,-555,-547,0,-557,0,-485,0,-504]} 1. d4 d6 2. Nf3 Nf6 {[%cal Bg8f6,Bf6e4,Be4c3][%mdl 32]} 3. c4 {[%cal Bc2c4,Bc4c5][%mdl 32]} g6 4. Nc3 Bf5 5. h3 Ne4 6. Qb3 {[#] LiveBook: 3 Games. Strongly threatening g4. E61: King's Indian: Early deviations for White, including Smyslov System} Nxc3 $1 7. bxc3 b6 8. c5 $146 ({Predecessor:} 8. Nd2 Bg7 9. g4 Bd7 10. Bg2 Bc6 11. e4 e5 12. d5 Bd7 13. c5 dxc5 {0-1 (54) Rakhmanov,A (2662)-Morozevich,A (2683) Sochi 2016}) 8... Bg7 9. g4 ({Better is} 9. cxd6 $11 exd6 10. Ng5) 9... Be6 $15 10. d5 {[#]} ({White should try} 10. Qc2 $15) 10... Bxd5 $1 $19 11. Qxd5 Bxc3+ 12. Bd2 c6 {[%cal Bc7c6,Bc6d5][%mdl 32]} 13. Bxc3 cxd5 14. Bxh8 f6 ({Don't play} 14... dxc5 15. Bb2 $15) (14... bxc5 15. Bg2 $17) 15. Bg2 bxc5 16. O-O (16. Bg7 $142) 16... Kd7 17. Bg7 Qg8 18. Bh6 g5 {[%cal Bg6g5,Bg5h4][%mdl 32]} 19. h4 gxh4 20. Kh2 Kc7 21. Bh3 Qg6 22. Bd2 Nc6 23. g5 (23. Nxh4 $142 Qe4 24. Ng2) 23... Ne5 24. Nxe5 fxe5 {[%cal Bf6e5,Be5e4][%mdl 32]} (24... dxe5 25. Rac1 $19) 25. Rab1 Qc2 26. Rfd1 Kc6 ({Weaker is} 26... Qxa2 27. Be6 $17) 27. Bg2 Qf5 ({Don't do} 27... Qxa2 28. Be3 $19) 28. Be3 e6 29. Rb2 $2 (29. Rh1 {keeps fighting.}) 29... e4 {White must now prevent ...Qe5+.} 30. Rc2 Qe5+ 31. Kh1 Qf5 32. Kh2 $1 Qe5+ 33. Kh1 $1 Qf5 34. Kh2 $1 {[%mdl 32768] Precision: White = 43%, Black = 82%. . An unexpected result.} 1/2-1/2

[Event "4th Chessfestival Gredine 2018"]
[Site "Ortisei"]
[Date "2018.06.21"]
[Round "6.12"]
[White "Moroder, Stefan"]
[Black "Borgo, Giulio"]
[Result "0-1"]
[WhiteElo "2183"]
[BlackElo "2397"]
[Annotator "NA"]
[PlyCount "144"]
[EventDate "2018.06.16"]
[EventType "swiss"]
[EventCountry "ITA"]
[SourceTitle "playchess.com"]
[Source "ChessBase"]
[SourceQuality "1"]
[TimeControl "40/5400+30:1800+30"]

1. e4 {[%emt 0:00:30]} e6 {[%emt 0:01:00]} 2. d4 {[%emt 0:00:00]} d5 {[%emt 0:00:00]} 3. Nc3 {[%emt 0:00:00]} Nf6 {[%emt 0:00:00]} 4. e5 {[%emt 0:00:30]} Nfd7 {[%emt 0:00:30]} 5. Nce2 {[%emt 0:02:30]} c5 {[%emt 0:00:30]} 6. c3 {[%emt 0:00:00]} Nc6 {[%emt 0:04:30]} 7. Nf3 {[%emt 0:00:00]} cxd4 {[%emt 0:08:30]} 8. cxd4 {[%emt 0:02:30]} f6 {[%emt 0:00:00]} 9. Nf4 {[%emt 0:07:30]} Bb4+ {[%emt 0:15:00]} 10. Bd2 {[%emt 0:02:30]} Qe7 {[%emt 0:03:30]} 11. exf6 {[%emt 0:23:30]} gxf6 {[%emt 0:01:30]} 12. Bd3 {[%emt 0:04:30]} O-O {[%emt 0:03:30]} 13. O-O {[%emt 0:04:30]} Qf7 {[%emt 0:20:30]} 14. Re1 {[%emt 0:13:30]} Nb6 {[%emt 0:03:30]} 15. Bxb4 {[%emt 0:15:30]} Nxb4 {[%emt 0:00:30]} 16. Re3 {[%emt 0:03:55]} Nxd3 {[%emt 0:08:30]} 17. Rxd3 {[%emt 0:01:29]} Kh8 {[%emt 0:07:57]} 18. Qe2 {[%emt 0:03:06]} Bd7 {[%emt 0:02:31]} 19. Rc3 {[%emt 0:00:21]} Rae8 {[%emt 0:01:16]} 20. Nd3 {[%emt 0:05:44]} Bb5 {[%emt 0:03:15]} 21. b3 {[%emt 0:00:48]} Qh5 {[%emt 0:09:25]} 22. a4 {[%emt 0:01:51]} Bd7 {[%emt 0:02:52]} 23. Re1 {[%emt 0:00:42]} Rg8 {[%emt 0:01:12]} 24. Rc7 {[%emt 0:01:21]} Re7 {[%emt 0:00:18]} 25. g3 {[%emt 0:01:38]} Reg7 {[%emt 0:01:26]} 26. Nf4 {[%emt 0:01:06]} Qg4 {[%emt 0:00:26]} 27. Qe3 {[%emt 0:00:44]} Nc8 {[%emt 0:00:57]} 28. h3 {[%emt 0:01:38]} Qf5 {[%emt 0:00:36]} 29. Nh4 {[%emt 0:00:31]} Qg5 {[%emt 0:01:09]} 30. Kh2 {[%emt 0:00:01]} Re8 {[%emt 0:00:06]} 31. Nf3 {[%emt 0:00:35]} Qh6 {[%emt 0:00:32]} 32. Nd3 {[%emt 0:00:48]} Qxe3 {[%emt 0:00:26]} 33. Rxe3 {[%emt 0:00:18]} Nd6 {[%emt 0:00:28]} 34. Nc5 {[%emt 0:00:47]} Bc8 {[%emt 0:00:00]} 35. Rxg7 {[%emt 0:02:18]} Kxg7 {[%emt 0:00:00]} 36. Nd2 {[%emt 0:00:00]} Kf7 {[%emt 0:00:00]} 37. g4 {[%emt 0:00:00]} Ke7 {[%emt 0:00:00]} 38. Kg2 {[%emt 0:00:00]} Kd8 {[%emt 0:00:00]} 39. Rc3 {[%emt 0:00:00]} e5 {[%emt 0:00:00]} 40. dxe5 {[%emt 0:00:00]} fxe5 {[%emt 0:04:08]} 41. Nd3 {[%emt 0:07:19]} Re7 {[%emt 0:00:30]} 42. f3 {[%emt 0:01:30]} b6 {[%emt 0:09:30]} 43. Nb4 {[%emt 0:10:18]} Bb7 {[%emt 0:01:57]} 44. Nc6+ {[%emt 0:00:49]} Bxc6 {[%emt 0:00:10]} 45. Rxc6 {[%emt 0:00:03]} Kd7 {[%emt 0:00:23]} 46. Rc1 {[%emt 0:00:18]} Rf7 {[%emt 0:00:30]} 47. a5 {[%emt 0:04:18]} Nb7 {[%emt 0:12:59]} 48. axb6 {[%emt 0:02:03]} axb6 {[%emt 0:00:02]} 49. Ra1 {[%emt 0:01:50]} Kc6 {[%emt 0:01:10]} 50. Ra8 {[%emt 0:01:34]} Nd6 {[%emt 0:02:17]} 51. h4 {[%emt 0:05:01]} Kc5 {[%emt 0:00:54]} 52. Rd8 {[%emt 0:01:14]} Nb7 {[%emt 0:02:05]} 53. Re8 {[%emt 0:00:21]} Kd4 {[%emt 0:00:34]} 54. g5 {[%emt 0:01:05]} b5 {[%emt 0:01:09]} 55. b4 {[%emt 0:00:54]} Nd6 {[%emt 0:01:40]} 56. Re6 {[%emt 0:01:23]} Nc4 {[%emt 0:00:21]} 57. Nb3+ {[%emt 0:00:30]} Ke3 {[%emt 0:01:24]} 58. Nc5 {[%emt 0:00:43]} Rxf3 {[%emt 0:00:34]} 59. Nd7 {[%emt 0:00:03]} Rf2+ {[%emt 0:00:45]} 60. Kg3 {[%emt 0:00:01]} Rf3+ {[%emt 0:00:30]} 61. Kg2 {[%emt 0:00:00]} Rf2+ {[%emt 0:00:29]} 62. Kg3 {[%emt 0:00:01]} e4 {[%emt 0:00:16]} 63. Nf6 {[%emt 0:00:07]} Rf3+ {[%emt 0:00:30]} 64. Kg2 {[%emt 0:00:19]} Kd4 {[%emt 0:00:18]} 65. Nxh7 {[%emt 0:00:28]} Ne3+ {[%emt 0:00:16]} 66. Kh2 {[%emt 0:00:46]} Rf4 {[%emt 0:01:15]} 67. Kg3 {[%emt 0:00:08]} Rf3+ {[%emt 0:00:17]} 68. Kh2 {[%emt 0:00:01]} Nf5 {[%emt 0:00:20]} 69. g6 {[%emt 0:01:27]} Rf4 {[%emt 0:00:20]} 70. Nf6 {[%emt 0:02:37]} Rxh4+ {[%emt 0:00:13]} 71. Kg2 {[%emt 0:00:28]} Rh6 {[%emt 0:00:34]} 72. Ng4 {[%emt 0:00:35]} Rxg6 {[%emt 0:00:17]} 0-1

[Event "4th Chessfestival Gredine 2018"]
[Site "Ortisei"]
[Date "2018.06.21"]
[Round "6.13"]
[White "Volkov, Dmitriy"]
[Black "Arne, Mike"]
[Result "1-0"]
[WhiteElo "2334"]
[BlackElo "2181"]
[Annotator "NA"]
[PlyCount "80"]
[EventDate "2018.06.16"]
[EventType "swiss"]
[EventCountry "ITA"]
[SourceTitle "playchess.com"]
[Source "ChessBase"]
[SourceQuality "1"]
[TimeControl "40/5400+30:1800+30"]

1. e4 {[%emt 0:00:30]} e5 {[%emt 0:01:00]} 2. Nf3 {[%emt 0:00:00]} Nc6 {[%emt 0:00:00]} 3. d4 {[%emt 0:00:00]} exd4 {[%emt 0:00:00]} 4. Nxd4 {[%emt 0:00:00]} Nf6 {[%emt 0:00:30]} 5. Nxc6 {[%emt 0:00:00]} bxc6 {[%emt 0:00:00]} 6. e5 {[%emt 0:00:00]} Qe7 {[%emt 0:00:00]} 7. Qe2 {[%emt 0:00:00]} Nd5 {[%emt 0:00:30]} 8. c4 {[%emt 0:00:30]} Nb6 {[%emt 0:00:30]} 9. Nc3 {[%emt 0:00:00]} Ba6 {[%emt 0:00:00]} 10. b3 {[%emt 0:00:00]} O-O-O {[%emt 0:00:00]} 11. Bb2 {[%emt 0:04:30]} Re8 {[%emt 0:00:30]} 12. Ne4 {[%emt 0:09:30]} d5 {[%emt 0:26:30]} 13. Qg4+ {[%emt 0:16:30]} Kb7 {[%emt 0:02:30]} 14. cxd5 {[%emt 0:01:30]} cxd5 {[%emt 0:00:00]} 15. Bxa6+ {[%emt 0:05:30]} Kxa6 {[%emt 0:00:00]} 16. Nd2 {[%emt 0:01:30]} Qb4 {[%emt 0:04:30]} 17. Qe2+ {[%emt 0:06:30]} Qb5 {[%emt 0:02:30]} 18. Qf3 {[%emt 0:05:30]} f6 {[%emt 0:04:30]} 19. a4 {[%emt 0:01:30]} Qa5 {[%emt 0:02:30]} 20. O-O {[%emt 0:03:30]} Bb4 {[%emt 0:15:30]} 21. Qd3+ {[%emt 0:05:30]} Kb7 {[%emt 0:00:30]} 22. Nf3 {[%emt 0:00:00]} fxe5 {[%emt 0:10:30]} 23. Bxe5 {[%emt 0:02:00]} Nd7 {[%emt 0:03:30]} 24. Bxg7 {[%emt 0:02:30]} Rhg8 {[%emt 0:02:30]} 25. Bb2 {[%emt 0:00:30]} Re7 {[%emt 0:01:30]} 26. Rac1 {[%emt 0:08:30]} c6 {[%emt 0:00:30]} 27. Qc2 {[%emt 0:03:30]} Rg6 {[%emt 0:02:30]} 28. Rfd1 {[%emt 0:01:30]} Re4 {[%emt 0:07:49]} 29. h4 {[%emt 0:03:31]} Rd6 {[%emt 0:07:07]} 30. g3 {[%emt 0:02:47]} Qd8 {[%emt 0:00:44]} 31. Ng5 {[%emt 0:00:26]} Re7 {[%emt 0:01:53]} 32. Nxh7 {[%emt 0:03:48]} Ne5 {[%emt 0:03:04]} 33. Ng5 {[%emt 0:01:59]} Qf8 {[%emt 0:00:52]} 34. Rd4 {[%emt 0:01:56]} c5 {[%emt 0:01:11]} 35. Rxb4+ {[%emt 0:01:16]} cxb4 {[%emt 0:00:13]} 36. Bxe5 {[%emt 0:00:03]} Rxe5 {[%emt 0:00:21]} 37. Qc7+ {[%emt 0:00:06]} Ka8 {[%emt 0:01:18]} 38. Nf7 {[%emt 0:00:09]} Ree6 {[%emt 0:00:24]} 39. Nxd6 {[%emt 0:00:47]} Rxd6 {[%emt 0:00:15]} 40. Rc6 {[%emt 0:01:55]} Re6 {[%emt 0:30:33]} 1-0